| 000 | 00893nam a22002897a 4500 | ||
|---|---|---|---|
| 001 | BR0805472 | ||
| 003 | BR-BrBNA | ||
| 005 | 20230928102658.0 | ||
| 007 | ta | ||
| 008 | 230509b bl.||||| |||| 00| 0 por d | ||
| 040 |
_aBR-BrBNA _bpor _cBiblioteca Nacional de Agricultura |
||
| 041 | _a(Por) | ||
| 072 | _aC10; E40 | ||
| 090 | _ C10 BR0805472 | ||
| 110 | 1 | _aMinistério da Agricultura, Pecuária e Abastecimento, Brasília, DF (Brasil). Secretaria de Desenvolvimento Agropecuário e Cooperativismo | |
| 245 | 1 | _aCapacitação em educação cooperativista na escola; orientador para multiplicadores | |
| 250 | 1 | _a3. ed. | |
| 260 | 3 |
_aBrasília, DF (Brasil): _c2007. |
|
| 300 | _a46 p. | ||
| 650 | _aEDUCAÇÃO | ||
| 650 | _aCOOPERATIVISMO | ||
| 650 | _aFORMAÇÃO PROFISSIONAL | ||
| 650 | _aESCOLA | ||
| 650 | _aCURSO | ||
| 909 |
_a202309 _bLucia _c55 _dLucia Elande |
||
| 942 | _cBK | ||
| 999 |
_c72003 _d72003 |
||